00454nam a2200109Ia 4500008004100000245019300041260002900234260000900263300000600272650001300278856005300291170516s9999 xx 000 0 und d aPorcine Pancreatic Lipase Inhibitory Agent Isolated from Medicinal Herb and Inhibition Kinetics of Extracts from Eleusine indica (L.) Gaertner, Siew Ling Ong, Siau Hui Mah, and How Yee Lai bJournal of Pharmaceutics c2016 a: xPharmacy uhttps://www.hindawi.com/journals/jphar/contents/